000 00947nam2a2200205 4500
001 RU\NLR\PER_A\002942690_002600
005 20250624052926.0
035 _a(NLR Aleph) 012506012
090 _a12252434
_c12252434
100 _a20210419d2021 |||y0rusy50 ca
101 0 _arus
102 _aRU
200 0 _a2021, № 1/2 (170)
210 _d2021
_aБ. м.
461 0 _1001RU\NLR\Per\694896
_12001#$aТехНадзор$eинформационно-консультативное издание по промышленной и экологической безопасности$v2021, № 1/2 (170)
_93814170
_cЕкатеринбург
_d2008 -
_n[б. и.]
_oинформационно-консультативное издание по промышленной и экологической безопасности
_tТехНадзор
_v2021, № 1/2 (170)
852 _aNLR
_jП11/5673
942 _cISSUE
980 _aNB
980 _aRUSPER